000 00571nam a2200217Ia 4500
005 20241216005959.0
008 180423s9999||||xx |||||||||||||| ||und||
082 _a310
_bD84
100 _aD'OTTONE, HORACIO
245 0 _aELEMENTOS DE ESTADISTIACA BASICA
250 _a2
260 _aSANTIAGO-CHILE
_bCOOP. DE CULTURA Y DE PUB
_c1965
300 _a238 pag.
_c21 cm
341 _h0
490 _v0
_a0
505 _aESTADISTICA-REGRESIONES/ANALISIS-DISTRIBUCION
541 _aC
_d27-Jan-97
650 _aCIENCIAS SOCIALES
856 _zHumanidades
942 _cLIBRO
999 _c2334
_d2334